Inovácia, tvorba hodnoty a princíp Zlatovlásky
Ako sa dozvedieť o príležitostiach na vytváranie novej hodnoty pre potenciálnych zákazníkov. Vysokodiferencované výrobky a služby a ich úspešnosť. Ciele a identifikácia oblasti, kde zručnosť a talent môžu byť využité k tomu, aby zákazníkovi uľahčili úlohu. Vytvorenie úspešného produktu a ochrana int...
Guardado en:
| Autor principal: | |
|---|---|
| Formato: | Capítulo de libro |
| Lenguaje: | eslovaco |
| Materias: | |
| Etiquetas: |
Sin Etiquetas, Sea el primero en etiquetar este registro!
|
MARC
| LEADER | 00000naa a2200000 4500 | ||
|---|---|---|---|
| 001 | 0214946 | ||
| 005 | 20231116122559.4 | ||
| 041 | 0 | |a slo | |
| 044 | |a SK | ||
| 245 | 1 | 0 | |a Inovácia, tvorba hodnoty a princíp Zlatovlásky |c Sam Klaidman |
| 520 | |a Ako sa dozvedieť o príležitostiach na vytváranie novej hodnoty pre potenciálnych zákazníkov. Vysokodiferencované výrobky a služby a ich úspešnosť. Ciele a identifikácia oblasti, kde zručnosť a talent môžu byť využité k tomu, aby zákazníkovi uľahčili úlohu. Vytvorenie úspešného produktu a ochrana intelektuálneho vlastníctva. | ||
| 610 | 2 | 0 | |a hodnota pridaná |
| 610 | 2 | 0 | |a hodnota úžitková |
| 610 | 2 | 0 | |a výhody konkurenčné |
| 610 | 2 | 0 | |a inovácia |
| 610 | 2 | 0 | |a produkty |
| 610 | 2 | 0 | |a služby |
| 610 | 2 | 0 | |a značky kvality |
| 610 | 2 | 0 | |a spokojnosť zákazníkov |
| 100 | 1 | |a Klaidman, Sam | |